| 000 | 00668nam a2200241 a 4500 | ||
|---|---|---|---|
| 005 | 20140310183450.0 | ||
| 008 | 090116s19uu xx 00 eng d | ||
| 020 | _a9780071283199 | ||
| 050 |
_aHD 4901 _b.M15 2009 |
||
| 100 | _aMcConnell, Campbell R. | ||
| 245 |
_aContemporary labor economics / _cCampbell R. McConnell |
||
| 250 | _a8th ed. | ||
| 260 |
_aBoston : _bMcGraw-Hill Higher Education, _c2009. |
||
| 300 |
_a625 p. : _bcol. ill. ; _c25 cm. |
||
| 521 | _aBSBA | ||
| 650 | _aBSBA. | ||
| 650 | _aLabor economics. | ||
| 650 | _aEconomics. | ||
| 700 | _aBrue, Staley L. | ||
| 700 | _aMacpherson, David A. | ||
| 942 |
_cBK _2lcc _kFOR |
||
| 999 |
_c23366 _d23366 |
||